MORAL STORIES FOR CHILDREN FOR FRIDAY (Record no. 101186)

MARC details
000 -LEADER
fixed length control field 00388nam a2200145Ia 4500
008 - FIXED-LENGTH DATA ELEMENTS--GENERAL INFORMATION
fixed length control field 090124s9999 xx 000 0 und d
082 ## - DEWEY DECIMAL CLASSIFICATION NUMBER
Item number 35476
245 ## - TITLE STATEMENT
Title MORAL STORIES FOR CHILDREN FOR FRIDAY
250 ## - EDITION STATEMENT
Edition statement 0
260 ## - PUBLICATION, DISTRIBUTION, ETC. (IMPRINT)
Name of publisher, distributor, etc VASAN BOOK DEPOT
300 ## - PHYSICAL DESCRIPTION
Extent 24
630 ## - SUBJECT ADDED ENTRY--UNIFORM TITLE
Uniform title MORAL STORIES FOR CHILDREN FOR FRIDAY
730 ## - ADDED ENTRY--UNIFORM TITLE
Uniform title MORAL STORIES FOR CHILDREN FOR FRIDAY
942 ## - ADDED ENTRY ELEMENTS (KOHA)
Koha item type Book
Holdings
Withdrawn status Lost status Damaged status Not for loan Home library Current library Date acquired Cost, normal purchase price Total Checkouts Full call number Barcode Date last seen Cost, replacement price Price effective from Koha item type
  Missing from bundle     Nagar Wachan Mandir, Thane Nagar Wachan Mandir, Thane   18.00   35476 THNNWM-35476 01/24/2009 18.00 01/24/2009 Book